Top Rapper/Hip-Hop Group/Hip-Hop Artist From Each U.S. State - Statistics

General Stats
  • This quiz has been taken 61 times
  • The average score is 6 of 48
Answer Stats
State Rapper % Correct
Missouri Eminem
77%
New York The Notorious B.I.G.
66%
California Kendrick Lamar
60%
Illinois Kanye West
55%
Louisiana Lil Wayne
51%
Georgia Outkast
43%
North Carolina J. Cole
30%
Florida Rick Ross
26%
Wyoming Y-O
21%
Alabama Yelawolf
19%
Tennessee Three 6 Mafia
15%
Texas Scarface
11%
Delaware Wok
11%
Minnesota P.O.S.
9%
Virginia Pusha T
9%
Michigan Danny Brown
8%
Washington Macklemore
8%
North Dakota Wiz Khalifa
8%
Wisconsin Brother Ali
6%
New Jersey Lauryn Hill
6%
Pennsylvania Mac Miller
6%
Indiana Freddie Gibbs
4%
South Carolina Jeezy
4%
Mississippi Rae Sremmurd
4%
Alaska Bay Dilla
2%
Massachusetts Guru
2%
Rhode Island araabMUZIK
0%
Idaho Bret Johnson
0%
Connecticut Chris Webby
0%
Kentucky Cunninglynguists
0%
Nevada Feeki
0%
Oregon Illmaculate
0%
Utah James The Mormon
0%
Iowa Json
0%
Arizona Judge Da Boss
0%
Kansas Mac Lethal
0%
Nebraska Mars Black
0%
West Virginia Mini Thin
0%
Colorado Mr. J Medeiros
0%
Maryland Oddisee
0%
Oklahoma Okie Boy Goons
0%
New Hampshire Roots of Creation
0%
Arkansas SL Jones
0%
Maine Spose
0%
Hawaii Tassho Pearce
0%
New Mexico Wake Self
0%
Ohio Why?
0%
Vermont X10
0%
No matching quizzes found
Score Distribution
Percent of People with Each Score
Percentile by Number Answered
Your Score History
You have not taken this quiz